000 01040nam a22002417a 4500
005 20240530110517.0
008 160208s2013 ua f b 000 0 ara d
017 _a2012/14117
_bمصر . دار الكتب المصرية
020 _a9789771028113
040 _aEG-CaGPL
082 0 4 _221
_a658.3\
_bأ ت
100 0 _aابراهيم عباس الحلابى
245 1 0 _aتنمية الموارد البشرية و استراتيجيات تخطيطها و تحدياتها فى الشركات مع اطلالة على التجربة اليابانية /
_cتاليف ابراهيم عباس الحلابى
250 _aط1
260 _aالقاهرة :
_bدار الفكر العربى ،
_c2013 .
300 _a224 ص ؛
_c24 سم .
504 _aيشتمل على ارجاعات ببليوجرافية
650 0 4 _aادار الافراد
650 0 4 _aتخطيط الموارد البشرية
650 0 4 _aادارة الافراد
_zاليابان
942 _2ddc
_cBK
999 _c61815
_d61815